Juegos de lectura basados en el libro: El dedo del dragón. Solucionario

Saved in:
Bibliographic Details
Main Author: Equipo Pedagógico Colegio La Salle-San Ildefonso
Format: Unknown
Language:Spanish
Published: Madrid Bruño 1991
Textbook Catalogue:MANES:  Library Catalog Search Result
Textbook Classification:
Series:Lectura Eficaz; 15
Tags: Add Tag
No Tags, Be the first to tag this record!
Added to:2016-04-26

MARC

LEADER 000000000a22000000004500
001 04347
003 OSt
008 160427s sp ||||| |||| 00| 0 spa d
040 |c centro_manes 
041 1 |a spa 
691 7 |a PRI 
100 1 |a Equipo Pedagógico Colegio La Salle-San Ildefonso  |9 735 
245 0 0 |a Juegos de lectura basados en el libro: El dedo del dragón. Solucionario 
260 3 |a Madrid  |b Bruño  |c 1991 
300 |a 80 p.  |c 26x19 cm 
440 |a Lectura Eficaz; 15  |9 738 
500 |a Cuento de Jean Sacreste (Col. Barco de Vapor, S.M.). Fecha de publicación tomada del Depósito Legal 
690 0 |a EyL 
942 |2 ddc  |c BK 
546 |a España 
999 |c 10321  |d 10321 
999 |c manes:10321  |d 10321